000 01414cam a22002774a 4500
001 14992571
005 20161013193211.0
008 070904s2008 miu b 001 0 eng
010 _a 2007036589
020 _a9780801027765 (pbk.)
040 _aDLC
_cDLC
_dDLC
100 1 _aWilhoit, Jim.
245 1 0 _aSpiritual formation as if the church mattered :
_bgrowing in Christ through community /
_cJames C. Wilhoit.
260 _aGrand Rapids, MI :
_bBaker Academic,
_cc2008.
300 _a233 p. :
_c23 cm.
336 _atext
337 _aunmediated
338 _avolume
504 _aIncludes bibliographical references (p. 211-220) and indexes.
505 0 _aFormation through the ordinary -- Curriculum for christ likeness -- Foundations of receiving : formation by grace for the broken and thirsty -- To foster receiving in community -- Foundations of remembering : letting the cross grow larger -- To foster remembering in community -- Foundations of responding : love and service to God and others -- To foster responding in community -- Foundations of relating : spiritually enriching relationships of love and service -- To foster relating in community.
650 0 _aSpiritual formation.
650 0 _aCommunities
_xReligious aspects
_xChristianity.
650 0 _aChurch growth.
856 4 1 _3Table of contents only
_uhttp://www.loc.gov/catdir/toc/ecip0726/2007036589.html
942 _2lcc
_cBK
999 _c40268
_d40268